000 00348nam a22001337a 4500
020 _qHB.
040 _cFIZZA ISHAQ
082 _a942
_bLES
100 _aSMITH,M.LESLEY.
_9133740
245 _aTHE MAKING OF BRITAIN THE MIDDLE AGES /
_cLESLEY M.SMITH.
260 _aNEW YORK ;
_bSCHOCKEN,
_c1985.
300 _a216 P. ;
_c9.9X7.5IN
942 _2ddc
_cBK
999 _c616619
_d616619